000 00560nam a2200169Ia 4500
999 _c10463
_d10463
082 _aRS.0213
100 _aShrimali, P.D.
245 0 _aAgrarian change, agrarian tensions peasant movements and organizations in Uttar Pradesh
260 _c1981
_bICSSR, New Delhi
300 _a435p.
650 _aPEASANT UPRISINGS - UTTAR PRADESH
650 _aAGRICULTURAL SOCIETIES - UTTAR PRADESH
650 _aPEASANTRY SOCIETIES - UTTAR PRADESH
650 _aAGRICULTURAL LAWS AND LEGISLATION - UTTAR PRADESH
710 _aUniversity of Lucknow
942 _cRP
_2ddc